[Event "Dresden ZMD op"]
[White "Noack, Mario"]
[Black "Schleicher, Alexander"]
[Site "Dresden"]
[Round "4"]
[Result "1-0"]
[Date "2010.07.13"]
[WhiteElo "1961"]
[BlackElo "1684"]
[PlyCount "73"]
[EventDate "2010.07.10"]
[EventType "swiss"]
[EventRounds "9"]
[EventCountry "GER"]
[SourceTitle "CBM 137 Extra"]
[Source "ChessBase"]
[SourceDate "2010.09.01"]
[SourceVersion "1"]
[SourceVersionDate "2010.09.01"]
[SourceQuality "1"]

1. d4 d5 2. c4 e6 3. Nc3 Nf6 4. cxd5 Nxd5 5. e4 Nb6 6. Nf3 c5 7. d5 exd5 8. exd5 Be7 9. Bb5+ Bd7 10. 0-0 0-0 11. d6 Bf6 12. Bxd7 N6xd7 13. Nd5 Na6 14. Nxf6+ Nxf6 15. Bg5 h6 16. Bh4 Re8 17. Re1 Rxe1+ 18. Nxe1 Rc8 19. Qd2 g5 20. Bg3 Ne4 21. Qd5 Nxg3 22. hxg3 Qd7 23. Nf3 Nb4 24. Qd2 Re8 25. a3 Nc6 26. Rd1 Re6 27. Qd5 b6 28. Rd3 Kg7 29. Nd2 Re1+ 30. Nf1 Nd4 31. Rxd4 cxd4 32. Qxd4+ f6 33. Qd2 Re6 34. Ne3 Re5 35. g4 Kf7 36. Qd3 Ke8 37. Qg6+ 1-0

[Event "Dresden ZMD op"]
[White "Schleicher, Alexander"]
[Black "Huettemann, Ralf"]
[Site "Dresden"]
[Round "1"]
[Result "1/2-1/2"]
[Date "2010.07.10"]
[WhiteElo "1684"]
[BlackElo "2068"]
[PlyCount "101"]
[EventDate "2010.07.10"]
[EventType "swiss"]
[EventRounds "9"]
[EventCountry "GER"]
[SourceTitle "CBM 137 Extra"]
[Source "ChessBase"]
[SourceDate "2010.09.01"]
[SourceVersion "1"]
[SourceVersionDate "2010.09.01"]
[SourceQuality "1"]

1. e4 Nf6 2. Nc3 d5 3. exd5 Nxd5 4. Nxd5 Qxd5 5. Nf3 g6 6. c3 Bg7 7. Be2 0-0 8. 0-0 e5 9. Qb3 Be6 10. Qxd5 Bxd5 11. d3 Nd7 12. Be3 f5 13. Bg5 h6 14. Be7 Rf7 15. Ba3 Re8 16. c4 Bc6 17. Rac1 a5 18. b3 g5 19. h3 Bf6 20. Rcd1 b6 21. Ne1 Rg7 22. Nc2 f4 23. Bh5 Rd8 24. d4 Be4 25. dxe5 Bxe5 26. Nd4 Nf6 27. Nf3 Rxd1 28. Rxd1 Bd6 29. Bxd6 cxd6 30. Bg4 Nxg4 31. hxg4 Bxf3 32. gxf3 Rg6 33. Rd5 Kf7 34. Rb5 d5 35. Rxd5 Re6 36. Kf1 Ke7 37. a3 Ke8 38. b4 axb4 39. axb4 Ke7 40. Rd4 Kf6 41. Rd2 Rc6 42. Rc2 Ke5 43. c5 bxc5 44. Ke2 c4 45. b5 Rc5 46. b6 Rb5 47. Rxc4 Rxb6 48. Re4+ Kd5 49. Re8 Rb2+ 50. Ke1 Rb6 51. Re4 1/2-1/2